| 000 | 00968nam a22002657a 4500 | ||
|---|---|---|---|
| 005 | 20170124102958.0 | ||
| 010 | _aA-458561 | ||
| 020 | _c40.00 | ||
| 035 | _aA-458561 | ||
| 037 | _bCen Lib/Ret | ||
| 040 |
_aDPL _bHN |
||
| 082 |
_a821 _bहरीश |
||
| 100 |
_aहरीश _941420 |
||
| 245 |
_aदिव्या प्रणय की दीपशिखा / _cहरीश |
||
| 246 |
_aDivya pryn ki deepshikha _bby Harish |
||
| 260 |
_aअजमेर _bकृष्णा ब्रदर्स _c1990 |
||
| 270 |
_aमहात्मा गाँधी मार्ग _bअजमेर |
||
| 300 |
_a86पृष्ठ. _c20सेमी(सजिल्द) |
||
| 650 |
_aहिंदी साहित्य _953686 |
||
| 650 |
_aमीरा की साधना _942569 |
||
| 650 |
_aHindi Literature _953687 |
||
| 650 |
_aMira 's Silence _953688 |
||
| 700 | _953319 | ||
| 942 |
_2ddc _cHN _h821 _mहरीश |
||
| 999 |
_c113748 _d113748 |
||